Tvorba aplikácií v jazyku Elm novými prístupmi
Gespeichert in:
| 1. Verfasser: | |
|---|---|
| Weitere Verfasser: | |
| Format: | Manuskript Buch |
| Sprache: | Slowakisch |
| Veröffentlicht: |
2023
|
| Schlagworte: | |
| Online-Zugang: | http://is.stuba.sk/zp/portal_zp.pl?podrobnosti=154915 |
| Tags: |
Keine Tags, Fügen Sie das erste Tag hinzu!
|
MARC
| LEADER | 00000ntm a22000003a 4500 | ||
|---|---|---|---|
| 001 | stuzp92338 | ||
| 003 | SK-STU | ||
| 005 | 20230909212819.3 | ||
| 007 | ta | ||
| 008 | 150427s2015----xo-----f-mn---000-0-slo-d | ||
| 040 | |a STU |b slo | ||
| 041 | 0 | |a slo | |
| 100 | 1 | |a Discantiny, Imrich |u 070200 |4 aut |U FIIT Fakulta informatiky a informačných technológií |T FIIT Ústav informatiky, informačných systémov a softvérového inžinierstva |X 102896 |U I200 |Y 179 |7 102896 | |
| 242 | 0 | 1 | |a New approaches in creation of Elm applications |y eng |
| 245 | 1 | 0 | |a Tvorba aplikácií v jazyku Elm novými prístupmi |
| 260 | |c 2023 | ||
| 650 | 4 | |a Funkcionálne programovanie |2 slo | |
| 650 | 4 | |a Elm |2 slo | |
| 650 | 4 | |a Jednostránkové aplikácie |2 slo | |
| 650 | 4 | |a Functional programming |2 eng | |
| 650 | 4 | |a Elm |2 eng | |
| 650 | 4 | |a Single page application |2 eng | |
| 700 | 1 | |a Kapustík, Ivan |u 070200 |k Z1 |4 ths |U FIIT Fakulta informatiky a informačných technológií |T FIIT Ústav informatiky, informačných systémov a softvérového inžinierstva |X 111 |U I200 |Y 179 |7 111 | |
| 856 | 4 | |u http://is.stuba.sk/zp/portal_zp.pl?podrobnosti=154915 | |